[Event "Novokuznetsk-ch"]
[Site "Novokuznetsk"]
[Date "2014.11.29"]
[Round "4"]
[White "Parygin, Dmitriy"]
[Black "Komarov, Andrey"]
[Result "1-0"]
[WhiteElo "1840"]
[BlackElo "1822"]
[PlyCount "45"]
[EventDate "2014.11.16"]
[EventType "swiss"]
[EventRounds "9"]
[EventCountry "RUS"]
[SourceTitle "EXT 2016"]
[Source "ChessBase"]
[SourceDate "2015.10.08"]
[SourceVersion "1"]
[SourceVersionDate "2015.10.08"]
[SourceQuality "1"]

1. c4 c6 2. Nc3 Nf6 3. d4 d5 4. cxd5 cxd5 5. g3 e6 6. Bg2 Bd6 7. Bg5 Nbd7 8. Nf3 0-0 9. 0-0 h6 10. Bd2 Ne4 11. Rc1 f5 12. e3 g5 13. Ne1 Ndf6 14. f3 Bxg3 15. Nxe4 Bxh2+ 16. Kxh2 dxe4 17. Bb4 Nd5 18. Qd2 Nxb4 19. Qxb4 a5 20. Qc5 g4 21. fxg4 Qh4+ 22. Bh3 Bd7 23. Ng2 1-0

[Event "Novokuznetsk-ch"]
[Site "Novokuznetsk"]
[Date "2014.11.23"]
[Round "3"]
[White "Komarov, Andrey"]
[Black "Kolesnikov, Oleg"]
[Result "0-1"]
[WhiteElo "1822"]
[BlackElo "1926"]
[PlyCount "90"]
[EventDate "2014.11.16"]
[EventType "swiss"]
[EventRounds "9"]
[EventCountry "RUS"]
[SourceTitle "EXT 2016"]
[Source "ChessBase"]
[SourceDate "2015.10.08"]
[SourceVersion "1"]
[SourceVersionDate "2015.10.08"]
[SourceQuality "1"]

1. e4 e5 2. Nf3 Nc6 3. Bb5 Bc5 4. 0-0 d6 5. c3 a6 6. Bxc6+ bxc6 7. d4 exd4 8. cxd4 Bb6 9. Bg5 f6 10. Bf4 Ne7 11. Nc3 0-0 12. Qb3+ d5 13. Rfe1 Bg4 14. Re3 Bxf3 15. Rxf3 Bxd4 16. exd5 cxd5 17. Bxc7 Qd7 18. Bf4 Bxc3 19. Rxc3 Rac8 20. Rac1 Rxc3 21. Rxc3 Rc8 22. Kf1 Rxc3 23. Qxc3 Kf7 24. Ke2 Ng6 25. Qd4 Qe6+ 26. Be3 Ne5 27. b3 Nc6 28. Qa4 d4 29. Qxa6 dxe3 30. Qb7+ Kg6 31. fxe3 Qe4 32. Kd2 Qxg2+ 33. Kc3 Qe4 34. Qb6 Ne7 35. Qd4 Nd5+ 36. Kd2 Qxd4+ 37. exd4 Kf7 38. Kd3 Ke6 39. Kc4 f5 40. b4 f4 41. b5 Kd6 42. Kd3 Nb4+ 43. Ke4 Nd5 44. a4 g5 45. h4 h6 0-1

[Event "Novokuznetsk SFO-ch U15"]
[Site "Novokuznetsk"]
[Date "2014.11.09"]
[Round "8"]
[White "Komarov, Andrey"]
[Black "Balaba, Danil"]
[Result "1-0"]
[WhiteElo "1822"]
[BlackElo "800"]
[PlyCount "53"]
[EventDate "2014.11.02"]
[EventType "swiss"]
[EventRounds "9"]
[EventCountry "RUS"]
[SourceTitle "CBM 163 Extra"]
[Source "ChessBase"]
[SourceDate "2014.12.23"]
[SourceVersion "1"]
[SourceVersionDate "2014.12.23"]
[SourceQuality "1"]

1. e4 e6 2. d4 d5 3. Nc3 Nf6 4. e5 Nfd7 5. f4 c5 6. Nf3 Nc6 7. Bb5 cxd4 8. Nxd4 Nxd4 9. Qxd4 a6 10. Bxd7+ Bxd7 11. 0-0 Rc8 12. Kh1 Bc5 13. Qd1 0-0 14. Rf3 Bc6 15. Rd3 d4 16. Qh5 h6 17. f5 exf5 18. Rg3 f6 19. Rxg7+ Kxg7 20. Bxh6+ Kh8 21. Bxf8+ Kg8 22. Bxc5 dxc3 23. Qg6+ Kh8 24. Qh6+ Kg8 25. exf6 Qd7 26. Qg6+ Kh8 27. f7 1-0

[Event "Novokuznetsk SFO-ch U15"]
[Site "Novokuznetsk"]
[Date "2014.11.05"]
[Round "4"]
[White "Snegirev, Sergey"]
[Black "Komarov, Andrey"]
[Result "1-0"]
[WhiteElo "1748"]
[BlackElo "1822"]
[PlyCount "91"]
[EventDate "2014.11.02"]
[EventType "swiss"]
[EventRounds "9"]
[EventCountry "RUS"]
[SourceTitle "CBM 163 Extra"]
[Source "ChessBase"]
[SourceDate "2014.12.23"]
[SourceVersion "1"]
[SourceVersionDate "2014.12.23"]
[SourceQuality "1"]

1. c4 f5 2. Nc3 e6 3. g3 Nf6 4. Bg2 Nc6 5. Nf3 Bb4 6. 0-0 0-0 7. d4 Bxc3 8. bxc3 Ne4 9. Qd3 b6 10. Nd2 d5 11. f3 Nxd2 12. Qxd2 Na5 13. cxd5 Nc4 14. Qd3 exd5 15. e4 fxe4 16. fxe4 Rxf1+ 17. Qxf1 c6 18. exd5 cxd5 19. Qf3 Be6 20. Bf4 Rc8 21. Re1 Qd7 22. Qh5 Qf7 23. Qe2 Rc6 24. Bf3 Qd7 25. Bg2 b5 26. Qf3 Nb6 27. Re5 a5 28. Bf1 Nc4 29. Rg5 Rb6 30. Bd3 Bf7 31. Bf5 Be6 32. Bxe6+ Qxe6 33. Qxd5 Qxd5 34. Rxd5 Na3 35. Rc5 Nc4 36. d5 Kf7 37. Kf2 h6 38. Kf3 g5 39. Bc7 Rb7 40. Kg4 Ke7 41. Kf5 Kd7 42. Be5 a4 43. Rc6 h5 44. Rh6 Rb6 45. Rxh5 Na5 46. Rh7+ 1-0

[Event "Novokuznetsk SFO-ch U15"]
[Site "Novokuznetsk"]
[Date "2014.11.02"]
[Round "1"]
[White "Komarov, Andrey"]
[Black "Smirnov, Roman"]
[Result "1-0"]
[WhiteElo "1822"]
[BlackElo "800"]
[PlyCount "41"]
[EventDate "2014.11.02"]
[EventType "swiss"]
[EventRounds "9"]
[EventCountry "RUS"]
[SourceTitle "CBM 163 Extra"]
[Source "ChessBase"]
[SourceDate "2014.12.23"]
[SourceVersion "1"]
[SourceVersionDate "2014.12.23"]
[SourceQuality "1"]

1. e4 d6 2. d4 Nf6 3. Nc3 e5 4. dxe5 dxe5 5. Qxd8+ Kxd8 6. Nf3 Bd6 7. Bg5 c6 8. 0-0-0 Ke7 9. Rd2 Be6 10. Be2 Nbd7 11. Rhd1 Bc5 12. Bh4 Bb4 13. Ng5 Nc5 14. a3 Bxc3 15. bxc3 Na4 16. Nxe6 fxe6 17. Rd7+ Ke8 18. Rxg7 Nxe4 19. Bh5+ Kf8 20. Rf7+ Kg8 21. Rdd7 1-0

[Event "Novokuznetsk Kuzbass Festival"]
[Site "Novokuznetsk"]
[Date "2014.??.??"]
[Round "3"]
[White "Golovina, Darya"]
[Black "Komarov, Andrey"]
[Result "1-0"]
[WhiteElo "2020"]
[BlackElo "1839"]
[PlyCount "41"]
[EventDate "2014.??.??"]
[EventType "swiss"]
[EventRounds "7"]
[EventCountry "RUS"]
[SourceTitle "EXT 2016"]
[Source "ChessBase"]
[SourceDate "2015.10.08"]
[SourceVersion "1"]
[SourceVersionDate "2015.10.08"]
[SourceQuality "1"]

1. e4 c5 2. Nc3 e6 3. Nge2 d5 4. exd5 exd5 5. d4 Nf6 6. g3 Be6 7. Bg2 Nc6 8. 0-0 Be7 9. Bg5 cxd4 10. Nxd4 Bc5 11. Nxe6 fxe6 12. Re1 0-0 13. Rxe6 Bxf2+ 14. Kh1 Nd4 15. Re5 Qd6 16. Bxf6 Qxf6 17. Rxd5 Rae8 18. Ne4 Rxe4 19. Bxe4 Qe6 20. Rxd4 Qh6 21. Rd8 1-0

[Event "Novokuznetsk-ch"]
[Site "Novokuznetsk"]
[Date "2012.12.08"]
[Round "6"]
[White "Komarov, Andrey"]
[Black "Alimov, Alexander"]
[Result "1/2-1/2"]
[WhiteElo "1813"]
[BlackElo "1958"]
[PlyCount "104"]
[EventDate "2012.11.18"]
[EventType "swiss"]
[EventRounds "9"]
[EventCountry "RUS"]
[SourceTitle "EXT 2014"]
[Source "ChessBase"]
[SourceDate "2013.11.20"]
[SourceVersion "1"]
[SourceVersionDate "2013.11.20"]
[SourceQuality "1"]

1. e4 c6 2. d4 g6 3. Nf3 Bg7 4. Bf4 d6 5. c3 Nd7 6. Bc4 b5 7. Bxf7+ Kxf7 8. Ng5+ Ke8 9. Qb3 Ne5 10. dxe5 d5 11. a4 h6 12. Nh3 g5 13. Bg3 Ba6 14. exd5 Qxd5 15. Qxd5 cxd5 16. axb5 Bxb5 17. Ra5 Bd3 18. Nd2 e6 19. f4 g4 20. Nf2 Bf5 21. 0-0 h5 22. Bh4 Ne7 23. Bxe7 Kxe7 24. Rfa1 Rhd8 25. Rxa7+ Rxa7 26. Rxa7+ Rd7 27. Rxd7+ Kxd7 28. h3 gxh3 29. g3 Bf8 30. b4 d4 31. cxd4 Bxb4 32. Nf3 Bc3 33. Nd1 Ba1 34. Ne3 Be4 35. Ng5 Bxd4 36. Nxe4 Bxe3+ 37. Kh2 h4 38. Kxh3 hxg3 39. Kxg3 Ke7 40. Nf6 Kf7 41. Kg4 Bd4 42. Ne4 Be3 43. f5 exf5+ 44. Kxf5 Bd4 45. Ng5+ Ke7 46. e6 Bc5 47. Ne4 Bd4 48. Nd2 Bc3 49. Nc4 Bd4 50. Na5 Bc3 51. Nc6+ Kd6 52. e7 Kd7 1/2-1/2